000 00423nam a22001817a 4500
003 koha_MIRAKIL
005 20231213095832.0
008 231213b |||||||| |||| 00| 0 ||| d
020 _b9-75879028-5
040 _aTR-IsEVY
_btur
_cTR-IsEVY
082 _a595 JEU/K
100 _aJeunesse, Gallimard.
245 0 _aKedi.
260 _bMarsık Kitap,
_c2004
300 _a[30]
650 _aZooloji.
942 _2ddc
_cBK
999 _c10240
_d10240